000
00204nam a22000857a 4500
001
1235212
005
20250930112431.0
245
_a
BEDEN VE AKIL
_c
BRIGITTE LABBE
260
_b
GÜNIŞIĞI KİTAPLIĞI YAYINLARI
999
_c
1235212
_d
1235212